00754nam a2200193 a 4500003000200000005001700002008004100019050003000060100002300090245006900113260009300182300004800275504003900323650001600362650003200378650005200410650006500462650003300527020250404160248.0080526s19uu xx 00 eng d aPGS TX 945.D56b.K19 2005 aKasahara, Kohji F. aDining out preferences of grade 6 students /cKohji F. Kasahara. aLas Piñas City, Philippines : bSouthville International School and Colleges, c2005. a25 pages : billustrations ; c28 cm.  aIncludes bibliographic references. aDining out. aFood preferencesvChildren. aRestaurantszPhilippinesvCustomer preferences. aGrade school studentszPhilippinesvSocial life and customs. aConsumer behaviorvChildren.